| 000 | 00606nam a22002057a 4500 | ||
|---|---|---|---|
| 003 | AR-RoIUNI | ||
| 005 | 20200204164915.0 | ||
| 008 | 200204b xxu||||| |||| 00| 0 spa d | ||
| 040 | _cIUNIR | ||
| 080 | _a159.9 | ||
| 100 | _aPalombi, Rocío Soledad | ||
| 245 |
_aEscribir cien veces : _bNo debo perder el tiempo : cuadernos escolares y poder disciplinario / _cRocío soledad Palombi; [directora] María soledad Nívoli |
||
| 260 | _c2019 | ||
| 500 | _3tifo | ||
| 650 | _2Psciología | ||
| 650 | _2Disciplina | ||
| 653 | _aTifo | ||
| 700 |
_4Directora _aNívoli, María Soledad |
||
| 942 |
_2cdu _cBK |
||
| 999 |
_c5146 _d5146 |
||